000 01351nab a22002897a 4500
999 _c6040
_d6040
003 OSt
005 20260118204139.0
008 190605e xxu||||| |||| 00| 0 spa d
040 _cPJ
100 _96831
_aFarías Sayago, Facundo
245 1 3 _a¿La indemnización agravada o especial a la que alude el art. 182 de la ley 20.744 es aplicable a los casos de despidos por razones de maternidad —art. 178 LCT— cuando se trata de trabajadores del género masculino? /
_cFacundo Farías Sayago, María Belén Enríquez Pendino.
260 _aCiudad Autónoma de Buenos Aires :
_bThomson Reuters La Ley,
_c2025.
300 _ap. 73-77
500 _aCita: TR LALEY AR/DOC/2664/2025.
505 _t¿Te interesa el texto completo? Solicitalo al correo: koha@justierradelfuego.gov.ar
650 0 _91316
_aDERECHO LABORAL
650 0 _93053
_aVIOLENCIA DE GÉNERO
650 0 _9614
_aDERECHOS HUMANOS
650 0 _91237
_aIGUALDAD ANTE LA LEY
650 0 _91570
_aDERECHOS DEL TRABAJADOR
650 0 _91487
_aTRABAJO DE MUJERES
650 0 _91577
_aDISCRIMINACION LABORAL
650 0 _94044
_aPERSPECTIVA DE GÉNERO
700 _96832
_aEnríquez Pendino, María Belén
773 0 _02711
_93168
_dCiudad Autónoma de Buenos Aires : Thomson Reuters La Ley, 1999-2002.
_tRevista de derecho del trabajo. Nº 6 - Noviembre 2025
942 _2udc
_cANA